|
|
|
|
| LEADER |
00000nab a2200000 a 4500 |
| 001 |
vtls000203539 |
| 003 |
SK-MaSNL |
| 005 |
20260302204043.0 |
| 008 |
111130c1984 xo 0 slo |
| 015 |
|
|
|a SNBRB19rr/mm-uuuuu
|
| 035 |
|
|
|a CL0213652
|
| 040 |
|
|
|a SNKBUCL
|b slo
|c SNKBUCL
|e AACR2
|
| 041 |
0 |
|
|a slo
|
| 044 |
|
|
|a xo
|c SK
|
| 080 |
|
|
|a 021.15(437.6)
|2 1981
|
| 080 |
|
|
|a 025.22
|2 1981
|
| 080 |
|
|
|a 023.4
|2 1981
|
| 080 |
|
|
|a 374.1(437.652)
|2 1981
|
| 100 |
1 |
|
|a Ružeková, Elena
|4 aut
|9 655794
|
| 245 |
1 |
0 |
|a K výročnej porade vedúcich pracovníkov v Martine (28.-29. 3. 1984)
|c Elena Ružeková
|
| 650 |
0 |
7 |
|a knižnice jednotnej sústavy
|2 snkbucl
|9 359941
|
| 650 |
0 |
7 |
|a knižničné fondy
|2 snkbucl
|9 1300
|
| 655 |
|
7 |
|a články z novín a časopisov
|2 snkbucl
|9 267496
|
| 655 |
|
7 |
|a články z odboru knihovníctvo
|2 snkbucl
|9 166141
|
| 773 |
0 |
|
|t Informácie a materiály
|g Č. 162 (1984), s. 14-24
|
| 850 |
|
|
|a Slovenská národná knižnica v Martine
|a MTA001
|
| 852 |
|
|
|a SNK
|b KIS3GCP
|
| 958 |
|
|
|a RK
|
| 958 |
|
|
|a KL
|
| 992 |
|
|
|a RBX
|
| 999 |
|
|
|c 1471700
|d 1473630
|